|
|
|
|
| LEADER |
01481nam a2200385 4500 |
| 001 |
ocn913619692 |
| 003 |
OCoLC |
| 005 |
20180501122020.0 |
| 006 |
m o d |
| 007 |
cr cn||||||||| |
| 008 |
140726s2014 vtu o 000 0 eng d |
| 040 |
|
|
|a CNCGM
|b eng
|e pn
|c CNCGM
|d OCLCO
|d EBLCP
|d OPELS
|d N$T
|d OCLCF
|d DEBSZ
|d OCLCQ
|d GrThAP
|
| 019 |
|
|
|a 884647704
|
| 020 |
|
|
|a 9780128003275
|q (electronic bk.)
|
| 020 |
|
|
|a 0128003278
|q (electronic bk.)
|
| 020 |
|
|
|a 9780128001837
|
| 035 |
|
|
|a (OCoLC)913619692
|z (OCoLC)884647704
|
| 050 |
|
4 |
|a QD411
|b .A384 2014
|
| 072 |
|
7 |
|a SCI
|x 013040
|2 bisacsh
|
| 082 |
0 |
4 |
|a 547.05046
|
| 049 |
|
|
|a TEFA
|
| 245 |
0 |
0 |
|a Annual Reports on NMR Spectroscopy.
|n Vol. 83 /
|c edited by Graham A. Webb.
|
| 260 |
|
|
|a Burlington :
|b Elsevier Science,
|c 2014.
|
| 300 |
|
|
|a 1 online resource
|
| 336 |
|
|
|a text
|b txt
|2 rdacontent
|
| 337 |
|
|
|a computer
|b c
|2 rdamedia
|
| 338 |
|
|
|a online resource
|b cr
|2 rdacarrier
|
| 588 |
0 |
|
|a Print version record.
|
| 650 |
|
0 |
|a Nuclear magnetic resonance spectroscopy.
|
| 650 |
|
7 |
|a SCIENCE
|x Chemistry
|x Organic.
|2 bisacsh
|
| 650 |
|
7 |
|a Nuclear magnetic resonance spectroscopy.
|2 fast
|0 (OCoLC)fst01040333
|
| 655 |
|
4 |
|a Electronic books.
|
| 700 |
1 |
|
|a Webb, G. A.
|q (Graham Alan),
|d 1935-
|
| 776 |
0 |
8 |
|i Print version:
|a Webb, Graham A.
|t Annual Reports on NMR Spectroscopy.
|d Burlington : Elsevier Science, ©2014
|z 9780128001837
|
| 856 |
4 |
0 |
|u https://www.sciencedirect.com/science/bookseries/00664103/83
|z Full Text via HEAL-Link
|